Application of the Nonlinear Oscillations Theory to the Study of Non-Equilibrium Financial Market

Konštrukcia, implementácia a analýza nerovnováhy finančného trhu pomocou ekonofyzikálneho prístupu a teórie nelineárnej osilácie. Použitá zmenená mierka dodacích a dopytových cien a elasticita daných premenných ako dynamických premenných v simulácii nerovnováhy finančného trhu.

Salvato in:
Dettagli Bibliografici
Autore principale: Markov, Nikolay
Altri autori: Dmitriev, Viktor, Maltseva, Svetlana, Dmitriev, Andrey
Natura: Capitolo di libro
Lingua:inglese
Soggetti:
Tags: Aggiungi Tag
Nessun Tag, puoi essere il primo ad aggiungerne!!

MARC

LEADER 00000nla a2200000 4500
001 0242287
005 20240416112241.0
041 0 |a eng 
044 |a CZ 
245 1 0 |a Application of the Nonlinear Oscillations Theory to the Study of Non-Equilibrium Financial Market  |c Nikolay Markov, Viktor Dmitriev, Svetlana Malseva, Andrey Dmitriev 
520 |a Konštrukcia, implementácia a analýza nerovnováhy finančného trhu pomocou ekonofyzikálneho prístupu a teórie nelineárnej osilácie. Použitá zmenená mierka dodacích a dopytových cien a elasticita daných premenných ako dynamických premenných v simulácii nerovnováhy finančného trhu. 
610 2 0 |a trh finančný 
610 2 0 |a rovnováha 
610 2 0 |a rovnováha finančná 
610 2 0 |a nerovnováha trhová 
610 2 0 |a rady časové 
610 2 0 |a ceny 
610 2 0 |a dopyt 
610 2 0 |a korelácia 
100 1 |a Markov, Nikolay 
700 1 |a Dmitriev, Viktor 
700 1 |a Maltseva, Svetlana 
700 1 |a Dmitriev, Andrey